000 00678nam a2200229Ia 4500
003 OSt
005 20220925214803.0
006 a|||||r|||| 00| 0
007 ta
008 220923b |||||||| |||| 00| 0 eng d
037 _cGeneral Book
040 _aRTL
_cRTL
_beng
041 _2eng
_aeng
082 _aX:9:3.M8, B6-;3
100 _aRoger S J. E. T.
_9281152
245 0 _aSix centuries of work and wages the history of Eng
260 _aLondon
_bGeorge Allen & Unwin LTD
_c1806
300 _a591p
_ccm.
650 _aLabour Economics -- Great Britain
_9248381
942 _hX:9:3.M8, B6-;3
_cGB
_2CC
999 _c566674
_d566674